[Event "Bhilwara"]
[Site "New Delhi IND"]
[Date "1986.??.??"]
[Round "?"]
[White "Ravisekhar, Raja"]
[Black "Palatnik, Semyon"]
[Result "1/2-1/2"]
[WhiteElo "2390"]
[BlackElo "2460"]
[PlyCount "94"]
[EventDate "1986.??.??"]
[Source "www.chesslib.no"]
[SourceDate "2004.05.04"]

1. d4 d5 2. Nc3 f5 3. Bf4 Nf6 4. e3 e6 5. Bd3 c5 6. Nb5 Na6 7. c3 Be7 8. dxc5 Bxc5 9. Nf3 O-O 10. O-O Bd7 11. a4 Be7 12. b4 Ne4 13. Be5 Bf6 14. Rc1 Be8 15. Be2 Bh5 16. Qd4 Nb8 17. Bxf6 Rxf6 18. c4 Nc6 19. Qb2 dxc4 20. Rfd1 Qe7 21. Rxc4 e5 22. Nc3 Nxc3 23. Qxc3 e4 24. Nd4 Bxe2 25. Nxe2 Rd6 26. Rxd6 Qxd6 27. Nd4 Rd8 28. h3 Nxd4 29. Rxd4 Qb8 30. Qc4+ Kh8 31. Rxd8+ Qxd8 32. Qc5 g6 33. g4 fxg4 34. hxg4 Qd1+ 35. Kh2 Qf3 36. Qc8+ Kg7 37. Qxb7+ Kh6 38. g5+ Kxg5 39. Qe7+ Kg4 40. Qe6+ Kh4 41. Qe7+ Kg4 42. Qd7+ Kg5 43. Kg1 h5 44. a5 h4 45. b5 h3 46. Qe7+ Kg4 47. Qe6+ Kh4 1/2-1/2

[Event "JUG-34ch"]
[Site "Bjelovar"]
[Date "1979.??.??"]
[Round "12"]
[White "Maksimovic, Branimir"]
[Black "Nikolac, Juraj"]
[Result "1/2-1/2"]
[WhiteElo "2400"]
[BlackElo "2450"]
[PlyCount "103"]
[EventDate "1979.??.??"]
[Source "www.chesslib.no"]
[SourceDate "2004.05.04"]

1. d4 d5 2. Nc3 Bf5 3. f3 e6 4. e4 Bg6 5. Nge2 dxe4 6. fxe4 Nf6 7. Bg5 Be7 8. e5 Nd5 9. Bxe7 Qxe7 10. Nxd5 exd5 11. Qd2 Nc6 12. Nf4 Be4 13. Bb5 O-O 14. O-O Nxe5 15. Rae1 c6 16. Bd3 Ng4 17. c4 f5 18. cxd5 cxd5 19. Qa5 Rad8 20. Qxa7 g5 21. Bxe4 dxe4 22. Ne2 f4 23. Nc3 e3 24. Qc5 Qg7 25. Ne4 h6 26. Qc4+ Qf7 27. Qb4 Qd5 28. Nc5 Rf7 29. Qb3 Qxb3 30. Nxb3 Nf6 31. Rc1 Nd5 32. Nc5 Rc8 33. Nd3 Rxc1 34. Rxc1 Rc7 35. Rxc7 Nxc7 36. g3 f3 37. Ne5 f2+ 38. Kf1 Nd5 39. Nc4 Kg7 40. Nd6 b6 41. Ne4 g4 42. a4 Kf7 43. Nd6+ Ke6 44. Nc4 h5 45. b4 Kd7 46. b5 Kc7 47. Kg2 Kd7 48. Kf1 Ke6 49. Kg2 Ke7 50. Kf1 Kd7 51. Kg2 Ke6 52. Kf1 1/2-1/2

[Event "Kavala"]
[Site "?"]
[Date "2006.07.09"]
[Round "7"]
[White "Meenakshi Subbaraman"]
[Black "Erdos Viktor"]
[Result "1/2-1/2"]
[WhiteElo "2310"]
[BlackElo "2528"]
[PlyCount "56"]
[EventDate "2006.??.??"]
[Source "www.chesslib.no"]
[SourceDate "2004.05.04"]

1. d4 d5 2. Nc3 Nf6 3. Nf3 e6 4. Bf4 Bb4 5. Qd3 c5 6. dxc5 Nbd7 7. a3 Bxc5 8. e4 dxe4 9. Nxe4 Nxe4 10. Qxe4 Qb6 11. O-O-O O-O 12. Bd3 Nf6 13. Qe2 Nd5 14. Bg3 Bd7 15. Ng5 h6 16. h4 Rac8 17. Ne4 Be7 18. Rh3 f5 19. Be5 fxe4 20. Rg3 Bf6 21. Qxe4 Bxe5 22. Qxe5 Nf6 23. Bh7+ Kxh7 24. Rxd7 Rxc2+ 25. Kd1 Rc1+ 26. Kd2 Rc2+ 27. Kd1 Rc1+ 28. Kd2 Rc2+ 1/2-1/2

[Event "Piloo Mody Open"]
[Site "Lucknow"]
[Date "2004.10.03"]
[Round "3"]
[White "Saptarshi, Roy Chowdhury"]
[Black "Safin, Shukhrat"]
[Result "0-1"]
[WhiteElo "2363"]
[BlackElo "2466"]
[PlyCount "100"]
[EventDate "2004.10.01"]
[Source "Roberto Alvarez"]
[SourceDate "2004.10.18"]

1. d4 d5 2. Nc3 Bf5 3. f3 e6 4. e4 Bg6 5. exd5 exd5 6. Bf4 c6 7. Bd3 Nf6 8. Qe2+ Kd7 9. O-O-O Bb4 10. Qe5 Kc8 11. Nge2 Nbd7 12. Qe3 a5 13. a3 Re8 14. Qf2 Bf8 15. Rhe1 Bxd3 16. Rxd3 Nb6 17. Ng3 Rxe1+ 18. Qxe1 Qd7 19. Re3 Nc4 20. Re2 b5 21. Nb1 Kb7 22. Nd2 a4 23. Nxc4 dxc4 24. c3 Nd5 25. Bd2 Nc7 26. Ne4 h6 27. Bf4 Ne6 28. Be5 Re8 29. g4 Rd8 30. h4 Qd5 31. g5 hxg5 32. hxg5 Be7 33. g6 fxg6 34. Qg3 g5 35. Qg4 c5 36. Nd2 Bf8 37. dxc5 Nxc5 38. Bd4 Nd3+ 39. Kb1 Bd6 40. Qe4 Qxe4 41. Nxe4 Bf4 42. Bxg7 Rd7 43. Bd4 Rh7 44. Nc5+ Kc6 45. Nxd3 cxd3 46. Re1 Rh3 47. Rf1 Kd5 48. Ka2 Kc4 49. Bf6 d2 50. Bd4 Rxf3 0-1

[Event "Camp. Commonwealth 2008"]
[Site "Nagpur IND"]
[Date "2008.10.06"]
[Round "11"]
[White "Saptarshi, R."]
[Black "Himanshu, Sh"]
[Result "1/2-1/2"]
[WhiteElo "2404"]
[BlackElo "2423"]
[PlyCount "135"]
[EventDate "2008.09.28"]
[Source "www.chesslib.no"]
[SourceDate "2004.05.04"]

1. d4 d5 2. Nc3 Bf5 3. f3 Nf6 4. Bg5 Nbd7 5. Nxd5 Nxd5 6. e4 h6 7. Bh4 Ne3 8. Qe2 Nxf1 9. exf5 Nb6 10. c3 Qd5 11. Qxf1 Qxf5 12. Bg3 c6 13. O-O-O h5 14. Qd3 Qxd3 15. Rxd3 e6 16. h4 a5 17. Nh3 a4 18. Nf2 Nc4 19. Ne4 b5 20. a3 Be7 21. Bf4 O-O-O 22. Rdd1 Rd5 23. Rde1 c5 24. dxc5 Bxc5 25. Nxc5 Rxc5 26. Kc2 Rd8 27. Rd1 Rf5 28. Rxd8+ Kxd8 29. Bc1 Kc7 30. b3 axb3+ 31. Kxb3 Kc6 32. a4 Na5+ 33. Kb4 bxa4 34. Kxa4 Rb5 35. Rd1 Nc4 36. Rd4 Nb6+ 37. Ka3 Rb1 38. Bf4 Nd5 39. Bd2 Kc5 40. Re4 g6 41. c4 Ne7 42. Be3+ Kc6 43. g4 Rf1 44. Kb4 Rxf3 45. Bc5 Nc8 46. gxh5 gxh5 47. Re5 Rf5 48. Rxf5 exf5 49. Be3 Ne7 50. Kc3 Ng6 51. Bf2 Kd6 52. Kd4 Ke6 53. c5 Ne5 54. Bg3 f4 55. Bxf4 Nf3+ 56. Kc4 Nxh4 57. c6 Ng6 58. c7 Kd7 59. Bh2 h4 60. Kd4 f5 61. Ke3 h3 62. Kf3 Ne7 63. Kg3 Kxc7 64. Kxh3+ Kc6 65. Kg3 Ng6 66. Kf3 Kd5 67. Bg3 Ke6 68. Bf4 1/2-1/2

[Event "Capablanca mem-B"]
[Site "Cienfuegos"]
[Date "1983.??.??"]
[Round "?"]
[White "Velez, Nestor"]
[Black "Garcia Palermo, Carlos"]
[Result "0-1"]
[WhiteElo "2370"]
[BlackElo "2455"]
[PlyCount "170"]
[EventDate "1983.05.??"]
[Source "ChessBase"]

1. d4 d5 2. Nc3 c6 3. f3 e6 4. e4 Qb6 5. a3 Nf6 6. Be3 Nbd7 7. b4 dxe4 8. fxe4 e5 9. Bc4 Bd6 10. Nf3 O-O 11. Qe2 Ng4 12. Bg1 Qc7 13. d5 Nb6 14. Bxb6 axb6 15. O-O b5 16. Bb3 Bxb4 17. axb4 Qb6+ 18. Kh1 Rxa1 19. Rxa1 Nf2+ 20. Kg1 Nxe4+ 21. Kh1 Nf2+ 22. Kg1 Ne4+ 23. Kh1 Nxc3 24. Qxe5 Nxd5 25. Bxd5 cxd5 26. Qxd5 Be6 27. Qd2 h6 28. c3 Bc4 29. Nd4 Qf6 30. h3 Re8 31. Kg1 Qe5 32. Qf2 g6 33. Ra5 Kg7 34. Ra7 Re7 35. Ra1 h5 36. Ra8 Qg5 37. Ra1 Re3 38. Re1 Rd3 39. h4 Qf6 40. Rc1 Qe5 41. Re1 Qf6 42. Rc1 Qd6 43. Kh1 Qe5 44. Kg1 Re3 45. Nf3 Qf4 46. Nd4 Qe4 47. Nf3 Re2 48. Qd4+ Qxd4+ 49. Nxd4 Rd2 50. Nf3 Ra2 51. Kh2 Bd5 52. Kg3 Bc6 53. Re1 f6 54. Re7+ Kf8 55. Re3 Kf7 56. Ne1 Rd2 57. Nf3 Rb2 58. Re1 Rc2 59. Re3 Kg7 60. Re7+ Kf8 61. Re3 Kf7 62. Ne1 Rd2 63. Nf3 Rd5 64. Kf2 Rf5 65. Kg3 Rd5 66. Kf2 Rf5 67. Kg3 g5 68. hxg5 fxg5 69. Nd4 Rf4 70. Kh2 Rh4+ 71. Kg1 Rg4 72. Re2 h4 73. Kh2 Rg3 74. Rc2 Kg6 75. c4 Rxg2+ 76. Rxg2 Bxg2 77. Nxb5 Bf3 78. Nd4 g4 79. b5 Kf6 80. c5 Ke5 81. c6 bxc6 82. b6 Kd6 83. Nf5+ Kd7 84. Nxh4 c5 85. Kg3 Kc6 0-1

[Event "JUG Team Ch"]
[Site "Nis YUG"]
[Date "1994.??.??"]
[Round "?"]
[White "Maksimovic, Branimir"]
[Black "Todorovic, Goran M"]
[Result "1/2-1/2"]
[WhiteElo "2370"]
[BlackElo "2455"]
[PlyCount "95"]
[EventDate "1994.10.??"]
[Source "www.chesslib.no"]
[SourceDate "2004.05.04"]

1. d4 d5 2. Nc3 Bg4 3. f3 Bh5 4. e4 dxe4 5. Nxe4 e5 6. Be3 exd4 7. Bxd4 Qh4+ 8. g3 Qxe4+ 9. fxe4 Bxd1 10. Rxd1 Ne7 11. Bh3 Rg8 12. Nf3 Nbc6 13. Bc5 Rd8 14. Rxd8+ Nxd8 15. Bxa7 Nec6 16. Be3 Bd6 17. Ke2 Ke7 18. c4 b6 19. Rd1 Nb7 20. e5 Nxe5 21. Nxe5 Bxe5 22. Rd7+ Kf6 23. Bxb6 Re8 24. Kd3 cxb6 25. Rxb7 Rd8+ 26. Kc2 Bd4 27. b4 Bg1 28. Bg2 Bxh2 29. Rxb6+ Kg5 30. a4 Re8 31. Kd3 Bg1 32. Rb7 Re3+ 33. Kc2 Re2+ 34. Kd3 Rxg2 35. c5 Rxg3+ 36. Kc4 Rg2 37. a5 h5 38. a6 Ra2 39. a7 h4 40. Kb3 Ra1 41. Rxf7 Bd4 42. Rd7 Be5 43. c6 h3 44. c7 h2 45. Rd1 Rxd1 46. a8=Q Bxc7 47. Qg2+ Kh4 48. Qe4+ 1/2-1/2

[Event "1er Open International"]
[Site "Niort"]
[Date "2004.07.08"]
[Round "6"]
[White "Kuzev, Jordan"]
[Black "Starostits, Ilmars"]
[Result "1-0"]
[WhiteElo "2362"]
[BlackElo "2460"]
[PlyCount "101"]
[EventDate "2004.07.05"]
[Source "Roberto Alvarez"]
[SourceDate "2003.08.04"]

1. d4 d5 2. Nc3 Bf5 3. Bg5 Nf6 4. e3 c6 5. Bd3 e6 6. Nf3 Nbd7 7. O-O Be7 8. Re1 O-O 9. h3 Re8 10. Bf1 h6 11. Bf4 Bb4 12. a3 Bxc3 13. bxc3 Nb6 14. a4 Ne4 15. Qb1 Nxc3 16. Qb3 Ncxa4 17. Rxa4 Nxa4 18. Qxa4 a5 19. Ne5 f6 20. Nd3 Qe7 21. Rb1 b5 22. Qa2 Bxd3 23. Bxd3 e5 24. Bg3 e4 25. Be2 g6 26. c3 Kg7 27. Kh2 Ra7 28. Bd1 Rea8 29. h4 h5 30. Bf4 Rb7 31. Rb2 Raa7 32. Qa1 a4 33. Rb4 a3 34. Bb3 c5 35. dxc5 Qxc5 36. Rd4 a2 37. Rd2 b4 38. cxb4 Qxb4 39. Rxa2 Rxa2 40. Bxa2 Qd2 41. Bb3 Qxf2 42. Bg3 Qf5 43. Qa2 d4 44. Be6 Qc5 45. Qa8 Qe7 46. Qg8+ Kh6 47. Qh8+ Qh7 48. Bf4+ g5 49. Qxf6+ Qg6 50. hxg5+ Kh7 51. Bf5 1-0

[Event "Zlin op"]
[Site "?"]
[Date "1996.??.??"]
[Round "4"]
[White "Hasangatin Ramil"]
[Black "Tolstikh Nikolay"]
[Result "1/2-1/2"]
[WhiteElo "2400"]
[BlackElo "2420"]
[PlyCount "25"]
[EventDate "1996.??.??"]
[Source "www.chesslib.no"]
[SourceDate "2004.05.04"]

1. d4 d5 2. Nc3 Bf5 3. Bg5 c6 4. e3 Nd7 5. Nf3 h6 6. Bh4 g5 7. Bg3 Bg7 8. Bd3 Bg4 9. Be2 Ngf6 10. h3 Bf5 11. Ne5 Ne4 12. Nxe4 Bxe4 13. Nxd7 1/2-1/2

[Event "Budapest Spring Open"]
[Site "Budapest HUN"]
[Date "1994.??.??"]
[Round "7"]
[White "Varga, Zoltan"]
[Black "Lengyel, Bela"]
[Result "1-0"]
[WhiteElo "2470"]
[BlackElo "2345"]
[PlyCount "55"]
[EventDate "1994.03.??"]
[Source "www.chesslib.no"]
[SourceDate "2004.05.04"]

1. d4 d5 2. Nc3 Bf5 3. f3 e6 4. e4 Bg6 5. Bd3 Nf6 6. Nge2 Be7 7. Be3 Nc6 8. e5 Nd7 9. Bf2 Bxd3 10. cxd3 Ncb8 11. Qb3 b6 12. f4 f6 13. Rc1 c6 14. O-O h5 15. Nd1 c5 16. dxc5 Nxc5 17. Qc2 a5 18. Nec3 Nc6 19. a3 Rc8 20. d4 Nd7 21. Qd3 Qc7 22. Ne3 Qb7 23. Ncxd5 exd5 24. Nxd5 Nd8 25. Qb5 h4 26. h3 Kf8 27. Be3 Rh5 28. Rxc8 1-0

[Event "CZE-chT 0102"]
[Site "?"]
[Date "2002.04.07"]
[Round "11"]
[White "Hasangatin Ramil"]
[Black "Trichkov Vasil"]
[Result "1/2-1/2"]
[WhiteElo "2480"]
[BlackElo "2331"]
[PlyCount "172"]
[EventDate "2002.??.??"]
[Source "www.chesslib.no"]
[SourceDate "2004.05.04"]

1. d4 d5 2. Nc3 Bf5 3. Bg5 h6 4. Bh4 c6 5. e3 Nd7 6. Bd3 Bxd3 7. Qxd3 Qb6 8. Nf3 e6 9. O-O Be7 10. e4 Bxh4 11. Nxh4 Ne7 12. Kh1 O-O 13. b3 Rad8 14. Rad1 Qa5 15. f4 f5 16. exf5 exf5 17. Na4 Rde8 18. c3 b5 19. Nc5 Nxc5 20. dxc5 Qxa2 21. Rb1 Qa3 22. b4 Qa2 23. Nf3 Qc4 24. Qd2 Ng6 25. Nd4 Rf6 26. Ra1 a5 27. bxa5 Qxc5 28. Qb2 Ra8 29. g3 Nf8 30. Rfe1 Nd7 31. Qb4 Qc4 32. Re7 Nc5 33. Rc7 Ra6 34. Re1 Kh7 35. Qxc4 bxc4 36. Ree7 Rg6 37. Ra7 Rxa7 38. Rxa7 Ne4 39. Nxf5 Nxc3 40. a6 Nb5 41. Re7 c3 42. a7 c2 43. Re1 Nxa7 44. Rc1 Rf6 45. Nd4 c5 46. Nf3 Nb5 47. Rxc2 c4 48. Rb2 Rb6 49. Ne5 Rb7 50. Kg2 c3 51. Rb3 d4 52. Rb4 Re7 53. Rxb5 Rxe5 54. fxe5 c2 55. Rc5 d3 56. e6 Kg6 57. Kf2 d2 58. e7 Kf7 59. Rxc2 d1=Q 60. Re2 Ke8 61. h4 Qh1 62. Re1 Qh3 63. Re3 h5 64. Re1 Qg4 65. Re2 Qc4 66. Re3 Qd4 67. Kf3 Qd1+ 68. Kf2 Qh1 69. Re1 Qh2+ 70. Kf3 Qc2 71. Re2 Qf5+ 72. Kg2 g5 73. hxg5 Qg4 74. Kf2 Qxg5 75. Re3 Qg4 76. Re2 Qh3 77. Re3 Qh2+ 78. Kf1 Qd2 79. Re2 Qd5 80. Kf2 Qc6 81. Re1 Qf6+ 82. Kg2 Qf5 83. Re3 h4 84. gxh4 Qf4 85. Re2 Qxh4 86. Re3 Qf4 1/2-1/2

[Event "Sarajevo"]
[Site "Sarajevo BIH"]
[Date "1971.??.??"]
[Round "9"]
[White "Mestrovic, Zvonimir"]
[Black "Minev, Nikolay N"]
[Result "1-0"]
[WhiteElo "2350"]
[BlackElo "2450"]
[PlyCount "74"]
[EventDate "1971.??.??"]
[Source "www.chesslib.no"]
[SourceDate "2004.05.04"]

1. d4 d5 2. Nc3 f5 3. Nf3 e6 4. Bg5 Nf6 5. g3 Be7 6. Bg2 O-O 7. O-O b6 8. Ne5 Bb7 9. Nb1 Nfd7 10. Bxe7 Qxe7 11. Nd3 c6 12. Nd2 Nf6 13. c4 Nbd7 14. Rc1 Ne4 15. cxd5 exd5 16. Nf3 Rac8 17. Qa4 a6 18. Rc2 c5 19. Qa3 Rfe8 20. dxc5 bxc5 21. Rd1 Kh8 22. Nf4 Qf7 23. h4 Nb6 24. Ng5 Qe7 25. Qb3 Qf6 26. Bh3 g6 27. a3 c4 28. Qb4 d4 29. Bg2 Rc7 30. e3 a5 31. Qxa5 dxe3 32. fxe3 Nxg3 33. Bxb7 Rxb7 34. Qb5 Rbe7 35. Rcd2 Ne4 36. Rd8 Rxd8 37. Rxd8+ Kg7 1-0

[Event "BL2-O 9192"]
[Site "GER"]
[Date "1992.??.??"]
[Round "?"]
[White "Roesch, Arnd"]
[Black "Klebel, Martin"]
[Result "1/2-1/2"]
[WhiteElo "2360"]
[BlackElo "2435"]
[PlyCount "43"]
[EventDate "1991.10.??"]
[Source "www.chesslib.no"]
[SourceDate "2004.05.04"]

1. d4 d5 2. Nc3 Bf5 3. f3 Nf6 4. Bg5 Nbd7 5. Nxd5 Nxd5 6. e4 h6 7. Bc1 e5 8. exf5 Qh4+ 9. g3 Qxd4 10. Qxd4 exd4 11. Ne2 Bb4+ 12. Bd2 Bxd2+ 13. Kxd2 c5 14. Re1 O-O-O 15. c3 Ne5 16. Nxd4 Rhe8 17. f4 Nxf4 18. Kc2 Nd5 19. Nb3 Nf3 20. Rxe8 Rxe8 21. Nxc5 Ne3+ 22. Kc1 1/2-1/2

[Event "Moscow7"]
[Site "Moscow RUS"]
[Date "1995.??.??"]
[Round "?"]
[White "Aronian, Levon"]
[Black "Dragomarezkij, Evgeni"]
[Result "0-1"]
[WhiteElo "2330"]
[BlackElo "2465"]
[PlyCount "120"]
[EventDate "1995.??.??"]
[Source "www.chesslib.no"]
[SourceDate "2004.05.04"]

1. d4 d5 2. Nc3 Bf5 3. f3 Bg6 4. Bg5 h6 5. Bh4 c6 6. e4 Qa5 7. e5 e6 8. a3 c5 9. Bb5+ Nc6 10. dxc5 Bxc5 11. Nge2 Qc7 12. f4 Nge7 13. Na4 Nf5 14. Nxc5 Ne3 15. Qd2 Nxg2+ 16. Kf2 Nxh4 17. Nd4 O-O 18. Bxc6 bxc6 19. Rhg1 Kh7 20. Rg4 Nf5 21. Rag1 Nxd4 22. Qxd4 Qe7 23. b4 Rg8 24. c3 Bf5 25. R4g3 a5 26. Kg2 Qh4 27. Kh1 Qh5 28. a4 Qe2 29. Re3 Qc4 30. Qxc4 dxc4 31. Rd1 axb4 32. cxb4 Rgb8 33. Rd7 Kg8 34. Rd4 Rxb4 35. Rc3 Rb1+ 36. Kg2 Bd3 37. Nxd3 cxd3 38. Rcxd3 Ra1 39. Rd8+ Rxd8 40. Rxd8+ Kh7 41. Ra8 g5 42. fxg5 hxg5 43. Kf3 Re1 44. Rc8 Rxe5 45. Rxc6 Ra5 46. Rc4 f5 47. Rb4 Kg6 48. h3 Ra6 49. Rc4 e5 50. Rb4 e4+ 51. Ke3 Kh5 52. Rb5 Rxa4 53. Rxf5 Ra3+ 54. Kxe4 Rxh3 55. Rf8 Kh4 56. Rh8+ Kg3 57. Ra8 g4 58. Ra1 Rh2 59. Ke3 Rb2 60. Ra4 Kh3 0-1

[Event "It (Men) Wroclaw POL"]
[Site "?"]
[Date "2006.04.27"]
[Round "1"]
[White "Maryasin Boris"]
[Black "Zeberski Jakub"]
[Result "1/2-1/2"]
[WhiteElo "2371"]
[BlackElo "2422"]
[PlyCount "128"]
[EventDate "2006.??.??"]
[Source "www.chesslib.no"]
[SourceDate "2004.05.04"]

1. d4 d5 2. Nc3 Bf5 3. Bg5 h6 4. Bh4 c6 5. e3 Qb6 6. Rb1 e6 7. Bd3 Be7 8. Bg3 Nf6 9. Nf3 Nbd7 10. Ne5 Bxd3 11. cxd3 Nxe5 12. Bxe5 a5 13. O-O O-O 14. Bxf6 Bxf6 15. a3 Be7 16. Qc2 Rfc8 17. Rfc1 Bd6 18. b4 axb4 19. axb4 Qc7 20. g3 b5 21. Qb2 Qe7 22. f4 f6 23. e4 Bc7 24. Ra1 Bb6 25. Ne2 Rxa1 26. Rxa1 e5 27. Kf1 dxe4 28. dxe5 fxe5 29. Qxe5 Qxe5 30. fxe5 Rf8+ 31. Ke1 exd3 32. Nf4 Bd4 33. Rc1 Be3 34. Rxc6 Bxf4 35. gxf4 Rxf4 36. Kd2 Rxb4 37. Kxd3 Rg4 38. Rb6 b4 39. Rb7 Kf8 40. Ke3 Rh4 41. Kf3 g5 42. Kg3 Rc4 43. Kf3 h5 44. Ke3 Rh4 45. Kf3 Ke8 46. Ke3 Kd8 47. e6 b3 48. Kf3 Rxh2 49. Ke4 b2 50. Kf5 g4 51. e7+ Ke8 52. Ke6 Re2+ 53. Kf6 g3 54. Rb8+ Kd7 55. Rb7+ Kd6 56. Rb6+ Kd5 57. Rxb2 Rxe7 58. Kxe7 h4 59. Rb5+ Ke4 60. Rb4+ Kf3 61. Rxh4 g2 62. Rh3+ Kf4 63. Rh4+ Kf5 64. Rh5+ Kf4 1/2-1/2

[Event "It (open)"]
[Site "Ptuj (Slovenia)"]
[Date "2007.08.19"]
[Round "9"]
[White "Gruskovnjak Tomislav (SLO)"]
[Black "Loncar Robert (CRO)"]
[Result "1/2-1/2"]
[WhiteElo "2348"]
[BlackElo "2444"]
[PlyCount "99"]
[EventDate "2007.??.??"]
[Source "www.chesslib.no"]
[SourceDate "2004.05.04"]

1. d4 d5 2. Nc3 Bf5 3. Nf3 e6 4. a3 Nf6 5. Bg5 h6 6. Bh4 Be7 7. e3 Nbd7 8. Bd3 Bxd3 9. cxd3 O-O 10. O-O c6 11. Rc1 Rc8 12. Na4 b6 13. Bxf6 Bxf6 14. b4 Be7 15. Qb3 b5 16. Nc5 Bxc5 17. dxc5 e5 18. a4 a6 19. axb5 axb5 20. Ra1 e4 21. dxe4 dxe4 22. Nd4 Ne5 23. Qc2 Qd5 24. Nf5 Rce8 25. Nd6 Re6 26. Nxe4 Nd3 27. Nc3 Qc4 28. Rfb1 Nxb4 29. Qb3 Qxb3 30. Rxb3 Nd3 31. Na4 Rd8 32. Rd1 bxa4 33. Rdxd3 Rxd3 34. Rxd3 Re8 35. Kf1 Ra8 36. Ra3 Ra5 37. Ke2 Rxc5 38. Rxa4 Rc2+ 39. Kf3 g6 40. h4 h5 41. g4 hxg4+ 42. Rxg4 Kf8 43. h5 gxh5 44. Rg5 h4 45. Rg4 h3 46. Rh4 Ke7 47. Rxh3 Rd2 48. Rh4 c5 49. Rh5 Rc2 50. Ke4 1/2-1/2

[Event "RUS-Cup03 (Geller mem)"]
[Site "Moscow"]
[Date "1999.02.13"]
[Round "4"]
[White "Reprintsev, Alexander"]
[Black "Grigoriants, Sergey"]
[Result "1-0"]
[WhiteElo "2470"]
[BlackElo "2313"]
[PlyCount "97"]
[EventDate "1999.02.10"]
[Source "ChessBase"]
[SourceDate "1999.06.08"]

1. d4 d5 2. Nc3 Bf5 3. Bg5 c6 4. Qd2 Nd7 5. f3 Ngf6 6. O-O-O Qa5 7. e4 Bg6 8. e5 Ng8 9. Nh3 h6 10. Bh4 e6 11. Kb1 Bb4 12. Be1 c5 13. Qf2 cxd4 14. Nb5 Bxe1 15. Rxe1 Qb6 16. Nf4 Bh7 17. Nd6+ Kf8 18. Qg3 Ne7 19. Bd3 Nc5 20. Bxh7 Rxh7 21. Nd3 Nxd3 22. cxd3 Nc8 23. Rc1 Nxd6 24. exd6 Rd8 25. Rc7 Qxd6 26. Qxd6+ Rxd6 27. Rxb7 g5 28. Rxa7 Kg7 29. Rc1 Rh8 30. Rcc7 Rf8 31. b4 Rb6 32. a3 Kg6 33. Kb2 h5 34. Kb3 f6 35. a4 Rfb8 36. b5 Kf5 37. g3 h4 38. Kb4 hxg3 39. hxg3 e5 40. Rc5 Rd6 41. a5 g4 42. fxg4+ Kxg4 43. b6 e4 44. Rc1 Kf3 45. Re7 e3 46. Kc5 Rdd8 47. Kxd4 Re8 48. Rxe8 Rxe8 49. b7 1-0

[Event "Tula-B"]
[Site "Tula"]
[Date "2000.??.??"]
[Round "3"]
[White "Sidorov, Anatoly"]
[Black "Bairachny, Ruslan"]
[Result "1-0"]
[WhiteElo "2339"]
[BlackElo "2442"]
[PlyCount "81"]
[EventDate "2000.??.??"]
[Source "ChessBase"]
[SourceDate "2001.01.11"]

1. d4 d5 2. Nc3 Bf5 3. Bg5 c6 4. f3 Qb6 5. Rb1 Nf6 6. Bxf6 exf6 7. e4 dxe4 8. fxe4 Bg6 9. Nf3 Bb4 10. Bd3 O-O 11. O-O c5 12. Nd5 Qd8 13. a3 Ba5 14. dxc5 Re8 15. b4 Bc7 16. Nd4 b6 17. Qg4 Be5 18. Nf5 bxc5 19. Bb5 Re6 20. Rfd1 Bxf5 21. Qxf5 g6 22. Qf3 cxb4 23. axb4 a5 24. Kh1 Qf8 25. c3 axb4 26. cxb4 Ra7 27. Rdc1 Rb7 28. Bc4 Nc6 29. Ne3 Nd4 30. Qh3 Re8 31. Nd5 f5 32. exf5 Nxf5 33. Rf1 Nd6 34. Bd3 f5 35. Rbe1 Qf7 36. Qf3 Rbb8 37. Bc2 Kg7 38. Ba4 Nb5 39. Qd3 Qd7 40. Re3 f4 41. Nf6 1-0

[Event "IND-ch"]
[Site "Mumbai"]
[Date "2000.05.22"]
[Round "7"]
[White "Sandipan, Chanda"]
[Black "Sriram, Jha"]
[Result "1/2-1/2"]
[WhiteElo "2424"]
[BlackElo "2356"]
[PlyCount "108"]
[EventDate "2000.05.15"]
[Source "ChessBase"]
[SourceDate "2000.07.11"]

1. d4 d5 2. Nc3 e6 3. Nf3 f5 4. h3 Nf6 5. g4 Bb4 6. gxf5 exf5 7. Rg1 Qe7 8. Bg5 Bxc3+ 9. bxc3 Nc6 10. Rb1 Qf7 11. Qd3 O-O 12. Ne5 Nxe5 13. dxe5 Nd7 14. f4 Nc5 15. Qd4 Ne6 16. Qd2 c6 17. e3 b5 18. Be2 a6 19. Bf3 Qa7 20. Ke2 Qc5 21. h4 Ra7 22. h5 Qc4+ 23. Qd3 Qxa2 24. Ra1 Qc4 25. Qxc4 bxc4 26. h6 Nxg5 27. Rxg5 Rff7 28. Bh5 Rfe7 29. Rb1 Rab7 30. Rxb7 Rxb7 31. Be8 Rc7 32. hxg7 Be6 33. Rg1 Bf7 34. Bxf7+ Rxf7 35. Rg5 a5 36. e6 Re7 37. Rxf5 Kxg7 38. Rg5+ Kf6 39. Rg8 Kxe6 40. Ra8 Rg7 41. Kf2 Rb7 42. Ke2 Rb5 43. Rh8 Rb2 44. Kd2 Rb7 45. Ra8 h5 46. Rh8 a4 47. Rxh5 a3 48. Rh1 a2 49. Ra1 Ra7 50. Kc1 Kf5 51. Kb2 Ke4 52. Rxa2 Rb7+ 53. Kc1 Kxe3 54. Ra6 Kxf4 1/2-1/2

[Event "Ch Uzbekistan"]
[Site "Tashkent (Uzbekistan)"]
[Date "1984.??.??"]
[Round "?"]
[White "Ziatdinov, Raset"]
[Black "Borisenko, Georgy K"]
[Result "1-0"]
[WhiteElo "2365"]
[BlackElo "2415"]
[PlyCount "63"]
[EventDate "1984.??.??"]
[Source "www.chesslib.no"]
[SourceDate "2004.05.04"]

1. d4 d5 2. Nc3 Bf5 3. f3 Nf6 4. g4 Bc8 5. g5 Ng8 6. e4 e6 7. Be3 h6 8. g6 fxg6 9. Bd3 Be7 10. Nge2 Bh4+ 11. Kd2 dxe4 12. fxe4 Bg5 13. Qg1 Nc6 14. Rf1 e5 15. Bxg5 hxg5 16. Bc4 Nh6 17. Kc1 Bh3 18. Rd1 Nf7 19. Qg3 g4 20. Bxf7+ Kxf7 21. d5 Qg5+ 22. Kb1 Nd8 23. Nb5 Kg8 24. Nxc7 Rc8 25. d6 Rh5 26. Nd5 Kh7 27. Ne7 Rb8 28. Qb3 Qf6 29. Qg8+ Kh6 30. Ng3 Nc6 31. Qxb8 Nxb8 32. Ng8+ 1-0

[Event "ARM Ch"]
[Site "Erevan ARM"]
[Date "1994.??.??"]
[Round "?"]
[White "Khachiyan, Melikset"]
[Black "Mnatsakanian, Eduard A"]
[Result "0-1"]
[WhiteElo "2390"]
[BlackElo "2390"]
[PlyCount "84"]
[EventDate "1994.??.??"]
[Source "www.chesslib.no"]
[SourceDate "2004.05.04"]

1. d4 d5 2. Nc3 Bf5 3. Bg5 Nf6 4. Bxf6 exf6 5. e3 c6 6. Bd3 Bg6 7. Nge2 Bb4 8. O-O Qe7 9. Nf4 Nd7 10. Nce2 Bd6 11. Ng3 Bxd3 12. Qxd3 g6 13. Nfe2 f5 14. b3 Nf6 15. c4 O-O 16. c5 Bc7 17. b4 a6 18. a4 Rfe8 19. b5 axb5 20. axb5 Qd7 21. b6 Rxa1 22. Rxa1 Bb8 23. f4 Ng4 24. Nf1 Qe7 25. Ra8 Qh4 26. g3 Qh3 27. Qd2 Qh6 28. Nc1 Nf6 29. Nb3 Ne4 30. Qa2 Qf8 31. Na5 Qe7 32. Qb2 Rd8 33. Kg2 Kg7 34. Nd2 Nxd2 35. Qxd2 Qe4+ 36. Kh3 g5 37. fxg5 Bxg3 38. Kxg3 Qg4+ 39. Kf2 Rxa8 40. Nxb7 Ra1 41. Nd6 Qg1+ 42. Ke2 Qf1# 0-1

[Event "Dortmund op-A"]
[Site "Dortmund GER"]
[Date "1992.??.??"]
[Round "11"]
[White "Juergens, Vera"]
[Black "Ionov, Sergey"]
[Result "0-1"]
[WhiteElo "2275"]
[BlackElo "2500"]
[PlyCount "120"]
[EventDate "1992.04.??"]
[Source "www.chesslib.no"]
[SourceDate "2004.05.04"]

1. d4 d5 2. Nc3 c6 3. Bg5 Bf5 4. e3 Nd7 5. Bd3 Bxd3 6. Qxd3 Ngf6 7. Nf3 e6 8. e4 dxe4 9. Nxe4 Be7 10. Nxf6+ Nxf6 11. O-O O-O 12. Ne5 Qc7 13. Qe2 Rad8 14. Rad1 Nd5 15. Bxe7 Nxe7 16. c3 Rd5 17. Rfe1 Rfd8 18. Rd3 Ng6 19. Nxg6 hxg6 20. Red1 Qd7 21. c4 Rd6 22. b3 Qc7 23. Qe4 Qa5 24. a4 Qf5 25. Qxf5 gxf5 26. Kf1 e5 27. d5 cxd5 28. cxd5 Rc8 29. Ke2 g6 30. f3 Kg7 31. h4 f4 32. Kf2 f5 33. g3 fxg3+ 34. Kxg3 Kf6 35. Kf2 f4 36. Ke2 Kf5 37. Kf2 a5 38. Kg2 Rc2+ 39. R3d2 Rc3 40. Rd3 Rc2+ 41. Kh3 g5 42. hxg5 Kxg5 43. R1d2 Rc7 44. Kg2 Kf5 45. Kf2 Rh7 46. Rd1 Rh2+ 47. Kf1 Rdh6 48. R3d2 R2h3 49. Ke2 Rd6 50. Rd3 Rh2+ 51. Kf1 Rc2 52. Ke1 Rh6 53. R1d2 Rc1+ 54. Rd1 Rh1+ 55. Ke2 Rcxd1 56. Rxd1 Rxd1 57. Kxd1 Kf6 58. Kd2 Ke7 59. Kc3 Kd6 60. Kc4 b6 0-1